Ty jsi můj anděl z nebe : sbírka básní /

Hlavní autor: Kafka, Tomáš, 1965-
Další autoři: Kopecká, Lenka
Jazyk: Čeština
Vydáno: Praha : MJF Miroslav Fehér, 2011
Vydání: Vydání: první české
Témata:
Fyzický popis: 70 nečíslovaných stran : ilustrace (některé barevné) ; 15 cm
Knihy
Uloženo v:
LEADER 01326nam a2200373 i 4500
001 nkc20162791986
003 CZ PrNK
005 20180208103141.0
007 ta
008 160418s2011 xr a g 000 p cze
015 |a cnb002791986 
020 |a 978-80-86284-89-7  |q (brožováno) 
035 |a (OCoLC)951554044 
040 |a ABA001  |b cze  |e rda 
072 7 |a 821.162.3-1  |x Česká poezie  |2 Konspekt  |9 25 
080 |a 821.162.3-1  |2 MRF 
080 |a (0:82-1)  |2 MRF 
100 1 |a Kafka, Tomáš,  |d 1965-  |7 jn19990209334  |4 aut 
245 1 0 |a Ty jsi můj anděl z nebe :  |b sbírka básní /  |c Lenka Kopecká a Tomáš Kafka 
250 |a Vydání: první české 
264 1 |a Praha :  |b MJF Miroslav Fehér,  |c 2011 
300 |a 70 nečíslovaných stran :  |b ilustrace (některé barevné) ;  |c 15 cm 
336 |a text  |b txt  |2 rdacontent 
337 |a bez média  |b n  |2 rdamedia 
338 |a svazek  |b nc  |2 rdacarrier 
500 |a "Autor textu: Tomáš Kafka, autorka kreseb: Lenka Kopecká"--Rub titulní stránky 
500 |a 1000 výtisků 
655 7 |a česká poezie  |7 fd133958  |2 czenas 
655 9 |a Czech poetry  |2 eczenas 
700 1 |a Kopecká, Lenka  |4 ill 
910 2 |a BOA001  |b S-1403.199 
990 |a BK 
995 |a 01 
996 6 |b 2610734641  |c S-1403.199  |l MZK  |r Sklad / do 24 hodin  |n 0  |p p.v.  |w 001651224  |u 000010  |a 1  |e BOA001  |j MZK50  |s P